Loading...
| Current Events | 2 | 25.00 | 100% | 100% | 50% |
| Fine Arts - Classical Music | 7 | 27.14 | 100% | 100% | 71% |
| Fine Arts - Other Fine Arts | 6 | 25.00 | 100% | 83% | 67% |
| Fine Arts - Painting and Sculpture | 6 | 28.33 | 100% | 100% | 83% |
| Geography | 1 | 30.00 | 100% | 100% | 100% |
| History - American History | 9 | 22.22 | 100% | 100% | 22% |
| History - European History | 7 | 24.29 | 100% | 100% | 43% |
| History - Other History | 9 | 18.89 | 100% | 78% | 11% |
| History - World History | 7 | 22.86 | 100% | 100% | 29% |
| Literature - American Literature | 4 | 25.00 | 100% | 100% | 50% |
| Literature - British Literature | 8 | 21.25 | 100% | 100% | 13% |
| Literature - European Literature | 9 | 17.78 | 100% | 67% | 11% |
| Literature - World Literature | 8 | 22.50 | 100% | 100% | 25% |
| Mythology | 7 | 20.00 | 100% | 71% | 29% |
| Other Academic | 1 | 30.00 | 100% | 100% | 100% |
| Philosophy | 7 | 24.29 | 100% | 86% | 57% |
| Pop Culture | 3 | 26.67 | 100% | 100% | 67% |
| Religion | 8 | 20.00 | 100% | 88% | 13% |
| Science - Biology | 9 | 14.44 | 100% | 44% | 0% |
| Science - Chemistry | 5 | 22.00 | 100% | 100% | 20% |
| Science - Other Science | 9 | 17.78 | 100% | 44% | 33% |
| Science - Physics | 8 | 15.00 | 100% | 50% | 0% |
| Social Science | 4 | 15.00 | 100% | 50% | 0% |